| 000 | 00592cam a22002171 4500 | ||
|---|---|---|---|
| 001 | sa 65010177 | ||
| 003 | DLC | ||
| 005 | 20260227112206.0 | ||
| 008 | 961010s196u pk 000 0 pusr | ||
| 010 | _asa 65010177 | ||
| 025 | _aPL480:P-Pushto-234 | ||
| 035 | _a(OCoLC)35713103 | ||
| 040 |
_aDLC _cCLU _dCLU _dDLC |
||
| 042 | _apremarc | ||
| 050 | 0 | 0 |
_aPK6820.M265 _bS5 |
| 100 | 0 | _aMaghmūm ʻAbd al-Dayyān. | |
| 245 | 1 | 0 |
_aShabnam-i saḥarī, _cMaghmūm ʻAbd al-Diyān. |
| 260 |
_aPishāwar, _bKutubʻkhānah Raḥmāniyah _c[196-?] |
||
| 300 |
_a102 p. _c18 cm. |
||
| 500 | _aPoems. | ||
| 999 |
_c66602 _d66602 |
||